|
|
|
|
| LEADER |
01439nam a2200349 a 4500 |
| 001 |
EBC605724 |
| 003 |
MiAaPQ |
| 005 |
20200520144314.0 |
| 006 |
m o d | |
| 007 |
cr cn||||||||| |
| 008 |
111213s2008 sz sb 100 0 eng d |
| 020 |
|
|
|z 9789221216193
|
| 020 |
|
|
|a 9789221216209 (electronic bk.)
|
| 035 |
|
|
|a (MiAaPQ)EBC605724
|
| 035 |
|
|
|a (Au-PeEL)EBL605724
|
| 035 |
|
|
|a (CaPaEBR)ebr10512120
|
| 035 |
|
|
|a (OCoLC)813247154
|
| 040 |
|
|
|a MiAaPQ
|c MiAaPQ
|d MiAaPQ
|
| 050 |
|
4 |
|a HD5706
|b .I58 2008
|
| 111 |
2 |
|
|a International Conference of Labour Statisticians
|n (18th :
|d 2008 :
|c Geneva, Switzerland)
|
| 245 |
1 |
0 |
|a International Labor Organization report.
|n I,
|p General report : 18th International Conference of Labour Statisticians : Geneva, 24 November-5 December 2008
|h [electronic resource].
|
| 246 |
3 |
4 |
|a Report I :
|b general report
|
| 260 |
|
|
|a Geneva :
|b International Labour Office,
|c 2008.
|
| 300 |
|
|
|a viii, 72 p.
|
| 500 |
|
|
|a "ICLS/18/2008/I."
|
| 504 |
|
|
|a Includes bibliographical references.
|
| 533 |
|
|
|a Electronic reproduction. Ann Arbor, MI : ProQuest, 2015. Available via World Wide Web. Access may be limited to ProQuest affiliated libraries.
|
| 650 |
|
0 |
|a Labor market
|v Congresses.
|
| 655 |
|
4 |
|a Electronic books.
|
| 710 |
2 |
|
|a International Labour Organization.
|
| 710 |
2 |
|
|a ProQuest (Firm)
|
| 856 |
4 |
0 |
|u https://ebookcentral.proquest.com/lib/matrademy/detail.action?docID=605724
|z Click to View
|